000 00758nam a2200181Ia 4500
008 100920s9999 xx 000 0 und d
082 _b81320
_a891.43 न 02
100 _aशर्मा अशोक कुमार.
245 _aभारत की महान वैज्ञानिक विभूतियां.
260 _bविज्ञान भारती , गाजियाबाद.
_c2002
300 _a95
_bसाधी
365 _b100
520 _aहिंदी.
630 _aभारत की महान वैज्ञानिक विभूतियां.
650 _aहिंदी.
730 _aभारत की महान वैज्ञानिक विभूतियां.
942 _cBOOK
999 _c722133
_d722130